Joueurs de tennis par images #1 - Statistiques

Statistiques générales
  • Ce quiz a été pris 445 fois
  • Le résultat moyen est 9 sur 16
Statistiques - réponses
Par images Hint Réponse % Correct
Serbie Novak Djokovic
99%
Grèce Stefanos Tsitsipas
94%
Russie Danill Medvedev
90%
Bulgarie Grigor Dimitrov
75%
Canada Félix Auger-Aliassime
71%
Italy Lorenzo Musetti
63%
Kazakhstan Alexander Bublik
58%
Pologne Hubert Hurkacz
58%
Belgique David Goffin
57%
États-Unis Sebastian Korda
51%
Russie Karen Khachanov
50%
Italie Lorenzo Sonego
49%
Hongrie Márton Fucsovics
27%
Finlande Emil Ruusuvuori
23%
États-Unis Jeffrey John Wolf
20%
Australie Rinky Hijikata
13%
Aucun quiz correspondant
Distribution des résultats
% des personnes avec chaque résultat
Percentile par nombre de réponses
Votre historique - résultats
Vous n’avez pas pris ce quiz